Les films de Terrence Malick - Statistiques

Statistiques générales
  • Ce quiz a été pris 25 fois
  • Le résultat moyen est 7 sur 10
Statistiques - réponses
Hint Réponse % Correct
1978 Les moissons du ciel
100%
2011 The tree of life
100%
1998 La ligne rouge
95%
1973 La balade sauvage
84%
2017 Song to song
84%
2019 Une vie cachée
84%
2005 Le nouveau monde
79%
2012 A la merveille
63%
2015 Knights of cup
37%
2016 Voyage of time : Au fil de la vie
11%
Aucun quiz correspondant
Distribution des résultats
% des personnes avec chaque résultat
Percentile par nombre de réponses
Votre historique - résultats
Vous n’avez pas pris ce quiz